| 000 | 00680nam a2200253Ia 4500 | ||
|---|---|---|---|
| 003 | OSt | ||
| 005 | 20220924114605.0 | ||
| 006 | a|||||r|||| 00| 0 | ||
| 007 | ta | ||
| 008 | 220923b |||||||| |||| 00| 0 urd d | ||
| 024 | _a322629 | ||
| 037 | _cTextual | ||
| 040 |
_aARTS _cARTS _burd |
||
| 041 |
_2urd _aurd |
||
| 082 | _aU8.4615.N, 168D6 | ||
| 100 |
_aBegum Sultan Jahan Au. _9174410 |
||
| 245 | 0 | _aRauzat-ur-riyaheen | |
| 260 |
_aBhopal _bDer matbe Sultani India _c1906 |
||
| 300 |
_a247p. _ccm. |
||
| 650 | _a TRAVEL | ||
| 650 | _aGEOGRAPHY | ||
| 942 |
_hU8.4615.N, 168D6 _cTEXL _2CC |
||
| 999 |
_c394346 _d394346 |
||